| 000 | 00357nam a2200133Ia 4500 | ||
|---|---|---|---|
| 005 | 20251222143130.0 | ||
| 008 | 251222s9999||||xx |||||||||||||| ||spa|| | ||
| 020 | _a978-9972-57-266-1 | ||
| 082 | _a343.81/E77 | ||
| 100 | _aEscobar Rozas, Freddy | ||
| 245 | 0 | _aEnsayos de Derecho Contractual Financiero | |
| 264 | _bUniversidad del PacĂfico | ||
| 942 | _cLIB | ||
| 999 |
_c11889 _d11889 |
||